El Debat estatutari del 1932 / Teresa Abelló Güell
ISBN:
978-84-393-7587-6
Descripción Física:
307 p. : fot. ; 27 cm + 1 CD-ROM
MARC
| LEADER | 00000nam a2200000Ia 4500 | ||
|---|---|---|---|
| 001 | 19576 | ||
| 008 | 160829s2007 xx 000 0 cat d | ||
| 020 | |a 978-84-393-7587-6 | ||
| 080 | |a M-5-454 | ||
| 100 | |a Abelló i Güell, Teresa |9 45426 | ||
| 245 | |a El Debat estatutari del 1932 / Teresa Abelló Güell | ||
| 260 | |a Barcelona : |b Parlament de Catalunya, |c 2007 | ||
| 300 | |a 307 p. : |b fot. ; |c 27 cm + 1 CD-ROM | ||
| 590 | |a Text en català, castellà i anglès. | ||
| 590 | |a Bibliografia | ||
| 610 | 0 | |a Catalunya. |t Estatut (1932) |x Història |9 17726 | |
| 650 | 0 | |a Polítics |z Catalunya |v Biografia |9 33087 | |
| 650 | |a Polítics |x Espanya |x Biografia I |9 45428 | ||
| 650 | |a Espanya |x Política i govern |x 1931/1939 |9 45430 | ||
| 651 | 0 | |a Catalunya |x Política i govern |y 1931-1939, Segona República |9 53540 | |
| 710 | 1 | |a Catalunya. |b Parlament |9 11492 | |
| 901 | |a Arxiu | ||
| 942 | |n 1 | ||
| 952 | |0 0 |1 0 |4 0 |6 M5454 |7 1 |9 52593 |a Arxiu |b Arxiu |d 2016-12-01 |l 0 |o M-5-454 |p 19576 |r 2016-12-01 00:00:00 |w 2016-12-01 |y ARXIU | ||
| 999 | |c 56442 |d 56442 | ||